Welcome to the Holygrace Academy Library

Please use search bar below to get started

COMPUTER AT A GLANCE (Record no. 8884)

MARC details
000 -LEADER
fixed length control field 00257nam a22001097a 4500
082 ## - DEWEY DECIMAL CLASSIFICATION NUMBER
Classification number 004
Item number VEL/C
100 ## - MAIN ENTRY--AUTHOR NAME
Personal name VELUPPADAM , JOHNSON
245 ## - TITLE STATEMENT
Title COMPUTER AT A GLANCE
246 ## - VARYING FORM OF TITLE
Title proper/short title COMPUTER AT A GLANCE
Remainder of title COMPUTER AT A GLANCE
650 ## - SUBJECT ADDED ENTRY--TOPICAL TERM
Topical Term COMPUTER
942 ## - ADDED ENTRY ELEMENTS (KOHA)
Koha item type Books
Holdings
Withdrawn status Lost status Collection code Home library Current library Date acquired Full call number Accession Number Koha item type
  Lost Reference Main Library Main Library 08/08/2024 004 VEL/C 00931 Books